Language learning strategy use by spanish efl students : (Record no. 188899)
[ view plain ]
| 000 -CABECERA | |
|---|---|
| campo de control de longitud fija | 01928nab a2200313 a 4500 |
| 005 - FECHA Y HORA DE LA ÚLTIMA TRANSACCIÓN | |
| campo de control | 20210219163120.0 |
| 008 - ELEMENTOS DE LONGITUD FIJA--INFORMACIÓN GENERAL | |
| campo de control de longitud fija | 991125s1985 mx 000 0 spa u |
| 035 ## - NÚMERO DE CONTROL DEL SISTEMA | |
| Número de control de sistema | UPN01000216799 |
| 049 ## - COLECCIÓN | |
| Colección | ART |
| 100 1# - ASIENTO PRINCIPAL--NOMBRE PERSONAL | |
| Nombre de persona | Risueño Martínez, Jesús J |
| 100 1# - ASIENTO PRINCIPAL--NOMBRE PERSONAL | |
| Filiación | jrisueno@fundacionsafa.es |
| 100 1# - ASIENTO PRINCIPAL--NOMBRE PERSONAL | |
| Nombre de persona | Vázquez Pérez, María Luisa |
| 100 1# - ASIENTO PRINCIPAL--NOMBRE PERSONAL | |
| Filiación | mlvazquez@fundacionsafa.es |
| 100 1# - ASIENTO PRINCIPAL--NOMBRE PERSONAL | |
| Nombre de persona | Hidalgo Navarrete, José |
| 100 1# - ASIENTO PRINCIPAL--NOMBRE PERSONAL | |
| Nombre de persona | De la Blanca de la Paz, Soledad |
| 100 1# - ASIENTO PRINCIPAL--NOMBRE PERSONAL | |
| Filiación | sblanca@fundacionsafa.es |
| 222 #0 - TÍTULO CLAVE | |
| Título clave | REVISTA DE INVESTIGACION EDUCATIVA |
| 245 00 - MENCIÓN DE TÍTULO | |
| Título | Language learning strategy use by spanish efl students : |
| Resto del título | the effect of proficiency level, gender and motivation |
| 260 ## - PUBLICACIÓN, DISTRIBUCIÓN, ETC. | |
| Lugar de publicación, distribución, etc. | Murcia, España |
| 300 ## - DESCRIPCIÓN FÍSICA | |
| Extensión | 133-149 |
| 362 0# - FECHAS DE PUBLICACIÓN Y/O DESIGNACIÓN SECUENCIAL | |
| Fecha de publicación y/o designación secuencial | 2016 volumen 34, número 1 |
| 520 3# - NOTA DE RESUMEN, ETC. | |
| Sumario, etc. | El propósito de este estudio es investigar el uso de las estrategias de aprendizaje de la lengua extranjera por parte de estudiantes de inglés con distintos niveles de competencia. Además, intenta explorar la relación que pueda haber entre ese uso y otras variables como el nivel de competencia, el sexo y la motivación. Se ha utilizado un cuestionario para la obtención de los datos. Los resultados indican que nuestros participantes (N=206) hacen un uso moderado de esas estrategias, siendo las más utilizadas las metacognitivas y las afectivas. El nivel de competencia sólo tuvo un impacto significativo en la categoría de estrategias cognitivas entre los estudiantes del nivel más alto y los de los niveles básicos. No se encontraron diferencias significativas entre las mujeres y los hombres en el uso de las estrategias. Sin embargo, el factor motivacional sí arrojó diferencias significativas |
| 653 0# - TERMINO DE INDIZACION - NO CONTROLADO | |
| Término no controlado | INGLES (LENGUA) |
| 653 0# - TERMINO DE INDIZACION - NO CONTROLADO | |
| Término no controlado | LENGUA EXTRANJERA |
| 653 0# - TERMINO DE INDIZACION - NO CONTROLADO | |
| Término no controlado | ESTRATEGIAS DE APRENDIZAJE |
| 653 0# - TERMINO DE INDIZACION - NO CONTROLADO | |
| Término no controlado | GENERO |
| 856 4# - LOCALIZACIÓN Y ACCESO ELECTRÓNICOS | |
| Identificador Uniforme del Recurso | <a href="http://www.redalyc.org/articulo.oa?id=283343416008">http://www.redalyc.org/articulo.oa?id=283343416008</a> |
| 905 ## - TIPO DE MATERIAL | |
| Tipo de material | Articulo |
No items available.
